All towns of Limburg - Statistics

General Stats
  • This quiz has been taken 6 times
  • The average score is 44 of 190
Answer Stats
Gemeente Population Kern % Correct
120px-Flag_of_Kerkrade.svg.png Kerkrade 37.545 120px-Flag_of_Kerkrade.svg.png Kerkrade
60%
120px-Voerendaal_vlag.svg.png Voerendaal 3339 120px-Klimmen_vlag_1977.svg.png Klimmen
60%
120px-Roermond_vlag.svg.png Roermond 43.940 120px-Roermond_vlag.svg.png Roermond
60%
120px-Roermond_vlag.svg.png Roermond 8425 120px-Herten_vlag.svg.png Herten
60%
120px-Flag_of_Roerdalen.svg.png Roerdalen 3430 120px-Sint-Odili%C3%ABnberg_vlag_1971.svg.png Sint Odiliënberg
60%
120px-Flag_of_Echt-Susteren.svg.png Echt-Susteren 7910 120px-Susterenvlag.gif Susteren
60%
120px-Flag_of_Kerkrade.svg.png Kerkrade 5811 120px-Flag_of_Eygelshoven.svg.png Eygelshoven
60%
120px-Roermond_vlag.svg.png Roermond 8855 120px-Flag_of_Swalmen.svg.png Swalmen
60%
120px-Flag_of_Beek_%28Limburg%29.svg.png Beek 453 120px-Vlag_ontbreekt.svg.png Maastricht-Airport
60%
120px-Heerlen_vlag_officieel.svg.png Heerlen 68.815 120px-Heerlen_vlag_officieel.svg.png Heerlen
60%
120px-Flag_of_Echt-Susteren.svg.png Echt-Susteren 15.090 120px-Echt_vlag.png Echt
60%
120px-Flag_of_Maastricht.svg.png Maastricht 125.563 120px-Flag_of_Maastricht.svg.png Maastricht
60%
120px-Gulpen-Wittem_vlag_1999.svg.png Gulpen-Wittem 1615 120px-Wittem_wapen_1983.svg.png Eys
60%
120px-Flag_of_Sittard-Geleen.svg.png Sittard-Geleen 37.675 120px-Sittard_stadsvlag.svg.png Sittard
40%
1280px-Vlissingen_vlag.svg.png Eijsden-Margraten 9695 1280px-Vlissingen_vlag.svg.png Eijsden
40%
120px-Flag_of_Weert.svg.png Weert 46.170 120px-Flag_of_Weert.svg.png Weert
40%
120px-Venlo_vlag.svg.png Venlo 15.215 120px-Tegelen_vlag.svg.png Tegelen
40%
120px-Leudal_vlag.svg.png Leudal 1250 120px-Neeritter_wapen.svg.png Neeritter
40%
120px-Flag_of_Echt-Susteren.svg.png Echt-Susteren 3300 120px-Nieuwstadt_vlag.svg.png Nieuwstadt
40%
120px-Heerlen_vlag_officieel.svg.png Heerlen 18.700 120px-Flag_of_Hoensbroek.svg.png Hoensbroek
40%
120px-Valkenburg_ad_Geul_vlag.svg.png Valkenburg aan de Geul 4310 120px-Berg_en_Terblijt_vlag.svg.png Berg en Terblijt
40%
120px-Maasgouw_vlag.svg.png Maasgouw 3900 120px-Linne_vlag.svg.png Linne
40%
120px-Horst_aan_de_Maas_vlag.svg.png Horst aan de Maas 13.460 120px-Horst_vlag.svg.png Horst
40%
120px-Beekdaelen_gemeentevlag.svg.png Beekdaelen 2715 120px-Flag_Amsterade.svg.png Amstenrade
40%
120px-Simpelveld_vlag.svg.png Simpelveld 5280 120px-Simpelveld_wapen.svg.png Simpelveld
40%
120px-Flag_of_Roerdalen.svg.png Roerdalen 2355 120px-Vlodrop_vlag_1983.svg.png Vlodrop
40%
120px-Peel_en_Maas_vlag.svg.png Peel en Maas 7605 120px-Flag_of_Maasbree.svg.png Maasbree
40%
120px-Simpelveld_vlag.svg.png Simpelveld 4990 120px-Bocholtz_vlag_1971.svg.png Bocholtz
40%
120px-Flag_of_Roerdalen.svg.png Roerdalen 3995 120px-Flag_of_Posterholt.svg.png Posterholt
40%
120px-Flag_of_Beek_%28Limburg%29.svg.png Beek 3360 120px-Flag_Spaubeek.png Spaubeek
40%
120px-Nederweert_flag.svg.png Nederweert 10.605 120px-Nederweert_flag.svg.png Nederweert
40%
120px-Flag_of_Sittard-Geleen.svg.png Sittard-Geleen 4595 120px-Munstergeleen_vlag.svg.png Munstergeleen
40%
120px-Maasgouw_vlag.svg.png Maasgouw 6995 120px-Maasbracht_vlag.svg.png Maasbracht
40%
120px-Peel_en_Maas_vlag.svg.png Peel en Maas 6455 120px-Vlag_ontbreekt.svg.png Baarlo
40%
120px-Peel_en_Maas_vlag.svg.png Peel en Maas 1505 120px-Vlag_ontbreekt.svg.png Egchel
40%
120px-Flag_of_Roerdalen.svg.png Roerdalen 4265 120px-Vlag_ontbreekt.svg.png Herkenbosch
40%
120px-Leudal_vlag.svg.png Leudal 1650 120px-Vlag_ontbreekt.svg.png Ittervoort
40%
120px-Mook_en_Middelaar_vlag.svg.png?utm_source=nl.wikipedia.org&utm_campaign=parser&utm_content=thumbnail Mook en Middelaar 865 120px-Vlag_ontbreekt.svg.png Middelaar
40%
120px-Mook_en_Middelaar_vlag.svg.png?utm_source=nl.wikipedia.org&utm_campaign=parser&utm_content=thumbnail Mook en Middelaar 3725 120px-Vlag_ontbreekt.svg.png Molenhoek
40%
120px-Mook_en_Middelaar_vlag.svg.png?utm_source=nl.wikipedia.org&utm_campaign=parser&utm_content=thumbnail Mook en Middelaar 3185 120px-Vlag_ontbreekt.svg.png Mook
40%
120px-Peel_en_Maas_vlag.svg.png Peel en Maas 8010 120px-Vlag_ontbreekt.svg.png Panningen
40%
120px-Beekdaelen_gemeentevlag.svg.png Beekdaelen 2000 120px-Vlag_ontbreekt.svg.png Puth
40%
120px-Flag_of_Beesel.svg.png Beesel 11.090 120px-Vlag_ontbreekt.svg.png Reuver
40%
120px-Valkenburg_ad_Geul_vlag.svg.png Valkenburg aan de Geul 1420 120px-Vlag_ontbreekt.svg.png Schin op Geul
40%
120px-Horst_aan_de_Maas_vlag.svg.png Horst aan de Maas 1400 120px-Vlag_ontbreekt.svg.png Tienray
40%
120px-Flag_of_Gennep.svg.png Gennep 810 120px-Vlag_ontbreekt.svg.png Ven-Zelderheide
40%
120px-Brunssum_vlag.svg.png Brunssum 27.534 120px-Brunssum_vlag.svg.png Brunssum
40%
120px-Flag_of_Beesel.svg.png Beesel 2430 120px-Flag_of_Beesel.svg.png Beesel
40%
120px-Flag_of_Gennep.svg.png Gennep 2403 120px-Ottersum_vlag.svg.png?utm_source=nl.wikipedia.org&utm_campaign=parser&utm_content=thumbnail Ottersum
40%
120px-Venray_vlag.svg.png Venray 29.405 120px-Venray_vlag.svg.png Venray
40%
120px-Venlo_vlag.svg.png Venlo 70.045 120px-Venlo_vlag.svg.png Venlo
40%
120px-Beekdaelen_gemeentevlag.svg.png Beekdaelen 6425 120px-Nuth_vlag.svg.png Nuth
40%
120px-Valkenburg_ad_Geul_vlag.svg.png Valkenburg aan de Geul 10.600 120px-Valkenburg%2C_Limburg_wapen_HRvA.svg.png Valkenburg
40%
120px-Flag_of_Beek_%28Limburg%29.svg.png Beek 12.395 120px-Beek_%28Limburg%29_wapen_1853.svg.png Beek
40%
1280px-Vlissingen_vlag.svg.png Eijsden-Margraten 3950 1280px-Vlissingen_vlag.svg.png Margraten
40%
120px-Voerendaal_vlag.svg.png Voerendaal 8020 120px-Voerendaal_vlag.svg.png Voerendaal
40%
120px-Vlag_van_Bergen_%28Limburg%29.svg.png?utm_source=nl.wikipedia.org&utm_campaign=parser&utm_content=thumbnail Bergen 5270 120px-Vlag_van_Bergen_%28Limburg%29.svg.png?utm_source=nl.wikipedia.org&utm_campaign=parser&utm_content=thumbnail Bergen
40%
120px-Leudal_vlag.svg.png Leudal 3300 120px-Neer_vlag_1982.svg.png Neer
40%
120px-Gulpen-Wittem_vlag_1999.svg.png Gulpen-Wittem 3901 120px-Gulpen_wapen.svg.png Gulpen
40%
120px-Flag_of_Sittard-Geleen.svg.png Sittard-Geleen 31.330 120px-City_flag_of_Geleen.svg.png Geleen
40%
120px-Flag_of_Weert.svg.png Weert 5175 120px-Flag_of_Stramproy.svg.png Stramproy
40%
120px-Flag_of_Gennep.svg.png Gennep 9495 120px-Flag_of_Gennep.svg.png Gennep
40%
120px-Flag_of_Landgraaf.svg.png Landgraaf 36.839 120px-Flag_of_Landgraaf.svg.png Landgraaf
40%
120px-Maasgouw_vlag.svg.png Maasgouw 2015 120px-Wessem_vlag_1975.svg.png Wessem
40%
120px-Leudal_vlag.svg.png Leudal 2820 120px-Baexem_vlag.svg.png Baexem
20%
1280px-Vlissingen_vlag.svg.png Eijsden-Margraten 3600 1280px-Vlissingen_vlag.svg.png Cadier en Keer
20%
1280px-Vlissingen_vlag.svg.png Eijsden-Margraten 835 1280px-Vlissingen_vlag.svg.png Mheer
20%
120px-Meerssen_vlag.svg.png Meerssen 2790 120px-Ulestraten_vlag.svg.png Ulestraten
20%
120px-Leudal_vlag.svg.png Leudal 4215 120px-Roggel_vlag_1979.svg.png Roggel
20%
1280px-Vlissingen_vlag.svg.png Eijsden-Margraten 2990 1280px-Vlissingen_vlag.svg.png Gronsveld
20%
120px-Flag_of_Vaals.svg.png Vaals 7720 120px-Flag_of_Vaals.svg.png Vaals
20%
120px-Peel_en_Maas_vlag.svg.png Peel en Maas 4180 120px-Kessel_vlag.svg.png Kessel
20%
120px-Peel_en_Maas_vlag.svg.png Peel en Maas 6450 120px-Helden_vlag.svg.png Helden
20%
120px-Flag_of_Sittard-Geleen.svg.png Sittard-Geleen 5958 120px-Born_vlag.svg.png Born
20%
120px-Gulpen-Wittem_vlag_1999.svg.png Gulpen-Wittem 1970 120px-Flag_of_Wittem.svg.png Wittem
20%
120px-Leudal_vlag.svg.png Leudal 3770 120px-Horn_vlag_1963.svg.png Horn
20%
120px-Beekdaelen_gemeentevlag.svg.png Beekdaelen 3835 120px-Hulsberg_vlag_1968.svg.png Hulsberg
20%
120px-Meerssen_vlag.svg.png Meerssen 7465 120px-Meerssen_vlag.svg.png Meerssen
20%
1280px-Vlissingen_vlag.svg.png Eijsden-Margraten 565 1280px-Vlissingen_vlag.svg.png Bemelen
20%
120px-Peel_en_Maas_vlag.svg.png Peel en Maas 6510 120px-Flag_of_Meijel.svg.png Meijel
20%
120px-Meerssen_vlag.svg.png Meerssen 2514 120px-Geulle_wapen.svg.png Geulle
20%
120px-Maasgouw_vlag.svg.png Maasgouw 2485 120px-Thorn_vlag.svg.png Thorn
20%
120px-Beekdaelen_gemeentevlag.svg.png Beekdaelen 840 120px-Bingelrade_wapen.svg.png Bingelrade
20%
120px-Flag_of_Stein.svg.png Stein 10.675 120px-Flag_of_Stein.svg.png Stein
20%
120px-Maasgouw_vlag.svg.png Maasgouw 1795 120px-Stevensweert_vlag.svg.png Stevensweert
20%
120px-Horst_aan_de_Maas_vlag.svg.png Horst aan de Maas 820 120px-Broekhuizen_vlag.svg.png Broekhuizen
20%
1280px-Vlissingen_vlag.svg.png Eijsden-Margraten 1200 1280px-Vlissingen_vlag.svg.png Noorbeek
20%
120px-Maasgouw_vlag.svg.png Maasgouw 850 120px-Oh%C3%A9_en_Laak_vlag_1975.svg.png Ohé en Laak
20%
120px-Flag_of_Stein.svg.png Stein 8295 120px-Elsloo_vlag.svg.png Elsloo
20%
120px-Beekdaelen_gemeentevlag.svg.png Beekdaelen 3530 120px-Oirsbeek_wapen.svg.png Oirsbeek
20%
120px-Horst_aan_de_Maas_vlag.svg.png Horst aan de Maas 2265 120px-Vlag_ontbreekt.svg.png America
20%
120px-Venlo_vlag.svg.png Venlo 2910 120px-Vlag_ontbreekt.svg.png Arcen
20%
120px-Peel_en_Maas_vlag.svg.png Peel en Maas 2255 120px-Vlag_ontbreekt.svg.png Beringe
20%
120px-Horst_aan_de_Maas_vlag.svg.png Horst aan de Maas 1260 120px-Vlag_ontbreekt.svg.png Broekhuizenvorst
20%
120px-Venray_vlag.svg.png Venray 860 120px-Vlag_ontbreekt.svg.png Castenray
20%
120px-Leudal_vlag.svg.png Leudal 1465 120px-Vlag_ontbreekt.svg.png Ell
20%
120px-Gulpen-Wittem_vlag_1999.svg.png Gulpen-Wittem 1005 120px-Vlag_ontbreekt.svg.png Epen
20%
120px-Horst_aan_de_Maas_vlag.svg.png Horst aan de Maas 245 120px-Vlag_ontbreekt.svg.png Evertsoord
20%
120px-Venray_vlag.svg.png Venray 405 120px-Vlag_ontbreekt.svg.png Geijsteren
20%
120px-Peel_en_Maas_vlag.svg.png Peel en Maas 1675 120px-Vlag_ontbreekt.svg.png Grashoek
20%
120px-Flag_of_Sittard-Geleen.svg.png Sittard-Geleen 2280 120px-Vlag_ontbreekt.svg.png Grevenbicht
20%
120px-Horst_aan_de_Maas_vlag.svg.png Horst aan de Maas 530 120px-Vlag_ontbreekt.svg.png Griendtsveen
20%
120px-Leudal_vlag.svg.png Leudal 490 120px-Vlag_ontbreekt.svg.png Haler
20%
120px-Leudal_vlag.svg.png Leudal 795 120px-Vlag_ontbreekt.svg.png Heibloem
20%
120px-Leudal_vlag.svg.png Leudal 1190 120px-Vlag_ontbreekt.svg.png Kelpen-Oler
20%
120px-Flag_of_Echt-Susteren.svg.png Echt-Susteren 1680 120px-Vlag_ontbreekt.svg.png Koningsbosch
20%
120px-Peel_en_Maas_vlag.svg.png Peel en Maas 1240 120px-Vlag_ontbreekt.svg.png Koningslust
20%
120px-Venray_vlag.svg.png Venray 2205 120px-Vlag_ontbreekt.svg.png Leunen
20%
120px-Nederweert_flag.svg.png Nederweert 1130 120px-Vlag_ontbreekt.svg.png Leveroy
20%
120px-Horst_aan_de_Maas_vlag.svg.png Horst aan de Maas 2175 120px-Vlag_ontbreekt.svg.png Melderslo
20%
120px-Flag_of_Roerdalen.svg.png Roerdalen 3715 120px-Vlag_ontbreekt.svg.png Melick
20%
120px-Horst_aan_de_Maas_vlag.svg.png Horst aan de Maas 1705 120px-Vlag_ontbreekt.svg.png Meterik
20%
120px-Nederweert_flag.svg.png Nederweert 1560 120px-Vlag_ontbreekt.svg.png Nederweert-Eind
20%
120px-Leudal_vlag.svg.png Leudal 670 120px-Vlag_ontbreekt.svg.png Nunhem
20%
120px-Venray_vlag.svg.png Venray 2550 120px-Vlag_ontbreekt.svg.png Oostrum
20%
120px-Nederweert_flag.svg.png Nederweert 4220 120px-Vlag_ontbreekt.svg.png Ospel
20%
120px-Voerendaal_vlag.svg.png Voerendaal 967 120px-Vlag_ontbreekt.svg.png Ransdaal
20%
120px-Gulpen-Wittem_vlag_1999.svg.png Gulpen-Wittem 510 120px-Vlag_ontbreekt.svg.png Reijmerstok
20%
120px-Flag_of_Echt-Susteren.svg.png Echt-Susteren 1400 120px-Vlag_ontbreekt.svg.png Sint Joost
20%
120px-Venlo_vlag.svg.png Venlo 5590 120px-Vlag_ontbreekt.svg.png Velden
20%
120px-Flag_of_Vaals.svg.png Vaals 1380 120px-Vlag_ontbreekt.svg.png Vijlen
20%
120px-Vlag_van_Bergen_%28Limburg%29.svg.png?utm_source=nl.wikipedia.org&utm_campaign=parser&utm_content=thumbnail Bergen 2405 120px-Vlag_ontbreekt.svg.png Well
20%
120px-Vlag_van_Bergen_%28Limburg%29.svg.png?utm_source=nl.wikipedia.org&utm_campaign=parser&utm_content=thumbnail Bergen 1195 120px-Vlag_ontbreekt.svg.png Wellerlooi
20%
120px-Venray_vlag.svg.png Venray 2340 120px-Vlag_ontbreekt.svg.png Ysselsteyn
20%
1280px-Vlissingen_vlag.svg.png Eijsden-Margraten 1015 1280px-Vlissingen_vlag.svg.png Banholt
20%
1280px-Vlissingen_vlag.svg.png Eijsden-Margraten 545 1280px-Vlissingen_vlag.svg.png Eckelrade
20%
120px-Horst_aan_de_Maas_vlag.svg.png Horst aan de Maas 6945 120px-Sevenum_vlag.svg.png Sevenum
20%
120px-Leudal_vlag.svg.png Leudal 4315 120px-Haelen_vlag.svg.png Haelen
20%
120px-Leudal_vlag.svg.png Leudal 930 120px-Buggenum_wapen.svg.png Buggenum
20%
120px-Leudal_vlag.svg.png Leudal 6590 120px-Heythuysen_vlag.svg.png Heythuysen
20%
120px-Flag_of_Sittard-Geleen.svg.png Sittard-Geleen 2545 120px-Limbricht_vlag_1963.svg.png Limbricht
20%
120px-Flag_of_Echt-Susteren.svg.png Echt-Susteren 1540 120px-Roosteren_wapen.svg.png Roosteren
20%
120px-Beekdaelen_gemeentevlag.svg.png Beekdaelen 2675 120px-Schinnen_vlag.svg.png Schinnen
20%
120px-Venlo_vlag.svg.png Venlo 3655 120px-Vlag_van_Steyl.png Steyl
20%
120px-Maasgouw_vlag.svg.png Maasgouw 4565 120px-Heel_gemeentevlag.svg.png Heel
20%
120px-Meerssen_vlag.svg.png Meerssen 5375 120px-Bunde_wapen.svg.png Bunde
20%
120px-Beekdaelen_gemeentevlag.svg.png Beekdaelen 3170 120px-Flag_Schimmert.png Schimmert
20%
120px-Flag_of_Stein.svg.png Stein 5685 120px-Urmond_vlag_1961.svg.png Urmond
20%
120px-Maasgouw_vlag.svg.png Maasgouw 1895 120px-Beegden_vlag_1977.svg.png Beegden
20%
120px-Gulpen-Wittem_vlag_1999.svg.png Gulpen-Wittem 369 120px-Slenaken_wapen.svg.png Slenaken
20%
120px-Leudal_vlag.svg.png Leudal 1700 120px-Grathem_vlag.svg.png Grathem
20%
120px-Vlag_van_Bergen_%28Limburg%29.svg.png?utm_source=nl.wikipedia.org&utm_campaign=parser&utm_content=thumbnail Bergen 2075 120px-Flag_of_Afferden%2C_Limburg.svg.png?utm_source=nl.wikipedia.org&utm_campaign=parser&utm_content=thumbnail Afferden
20%
120px-Flag_of_Sittard-Geleen.svg.png Sittard-Geleen 1698 120px-Obbicht_dorpsvlag.svg.png Obbicht
20%
120px-Flag_of_Roerdalen.svg.png Roerdalen 3085 120px-Montfort_%28Limburg%29_vlag.svg.png Montfort
20%
120px-Leudal_vlag.svg.png Leudal 955 120px-Hunsel_vlag.svg.png Hunsel
20%
120px-Venray_vlag.svg.png Venray 1260 120px-Blitterswijck_vlag.svg.png Blitterswijck
0%
120px-Horst_aan_de_Maas_vlag.svg.png Horst aan de Maas 4920 120px-Grubbenvorst_vlag.svg.png Grubbenvorst
0%
120px-Beekdaelen_gemeentevlag.svg.png Beekdaelen 715 120px-Jabeek_wapen.svg.png Jabeek
0%
120px-Venlo_vlag.svg.png Venlo 5515 120px-Belfeld_vlag.svg.png Belfeld
0%
120px-Beekdaelen_gemeentevlag.svg.png Beekdaelen 1625 120px-Merkelbeek_wapen.svg.png Merkelbeek
0%
120px-Simpelveld_vlag.svg.png Simpelveld 34 120px-Vlag_ontbreekt.svg.png Baneheide
0%
120px-Gulpen-Wittem_vlag_1999.svg.png Gulpen-Wittem 80 120px-Vlag_ontbreekt.svg.png Beutenaken
0%
120px-Flag_of_Sittard-Geleen.svg.png Sittard-Geleen 1995 120px-Vlag_ontbreekt.svg.png Buchten
0%
120px-Beekdaelen_gemeentevlag.svg.png Beekdaelen 1090 120px-Vlag_ontbreekt.svg.png Doenrade
0%
120px-Flag_of_Sittard-Geleen.svg.png Sittard-Geleen 1295 120px-Vlag_ontbreekt.svg.png Einighausen
0%
120px-Gulpen-Wittem_vlag_1999.svg.png Gulpen-Wittem 75 120px-Vlag_ontbreekt.svg.png Elkenrade
0%
120px-Flag_of_Sittard-Geleen.svg.png Sittard-Geleen 1230 120px-Vlag_ontbreekt.svg.png Guttecoven
0%
120px-Horst_aan_de_Maas_vlag.svg.png Horst aan de Maas 2210 120px-Vlag_ontbreekt.svg.png Hegelsom
0%
120px-Venray_vlag.svg.png Venray 525 120px-Vlag_ontbreekt.svg.png Heide
0%
120px-Flag_of_Gennep.svg.png Gennep 2520 120px-Vlag_ontbreekt.svg.png Heijen
0%
120px-Gulpen-Wittem_vlag_1999.svg.png Gulpen-Wittem 160 120px-Vlag_ontbreekt.svg.png Heijenrath
0%
120px-Flag_of_Sittard-Geleen.svg.png Sittard-Geleen 1135 120px-Vlag_ontbreekt.svg.png Holtum
0%
120px-Gulpen-Wittem_vlag_1999.svg.png Gulpen-Wittem 208 120px-Vlag_ontbreekt.svg.png Ingber
0%
120px-Horst_aan_de_Maas_vlag.svg.png Horst aan de Maas 1125 120px-Vlag_ontbreekt.svg.png Kronenberg
0%
120px-Flag_of_Vaals.svg.png Vaals 820 120px-Vlag_ontbreekt.svg.png Lemiers
0%
120px-Venlo_vlag.svg.png Venlo 1070 120px-Vlag_ontbreekt.svg.png Lomm
0%
120px-Horst_aan_de_Maas_vlag.svg.png Horst aan de Maas 1995 120px-Vlag_ontbreekt.svg.png Lottum
0%
120px-Flag_of_Echt-Susteren.svg.png Echt-Susteren 1355 120px-Vlag_ontbreekt.svg.png Maria Hoop
0%
120px-Gulpen-Wittem_vlag_1999.svg.png Gulpen-Wittem 1735 120px-Vlag_ontbreekt.svg.png Mechelen
0%
120px-Venray_vlag.svg.png Venray 1080 120px-Vlag_ontbreekt.svg.png Merselo
0%
120px-Flag_of_Gennep.svg.png Gennep 2930 120px-Vlag_ontbreekt.svg.png Milsbeek
0%
120px-Meerssen_vlag.svg.png Meerssen 323 120px-Vlag_ontbreekt.svg.png Moorveld
0%
120px-Venray_vlag.svg.png Venray 1275 120px-Vlag_ontbreekt.svg.png Oirlo
0%
120px-Flag_of_Sittard-Geleen.svg.png Sittard-Geleen 725 120px-Vlag_ontbreekt.svg.png Papenhoven
0%
120px-Mook_en_Middelaar_vlag.svg.png?utm_source=nl.wikipedia.org&utm_campaign=parser&utm_content=thumbnail Mook en Middelaar 315 120px-Vlag_ontbreekt.svg.png Plasmolen
0%
120px-Vlag_van_Bergen_%28Limburg%29.svg.png?utm_source=nl.wikipedia.org&utm_campaign=parser&utm_content=thumbnail Bergen 2115 120px-Vlag_ontbreekt.svg.png Siebengewald
0%
120px-Venray_vlag.svg.png Venray 210 120px-Vlag_ontbreekt.svg.png Smakt
0%
120px-Beekdaelen_gemeentevlag.svg.png Beekdaelen 605 120px-Vlag_ontbreekt.svg.png Sweikhuizen
0%
120px-Horst_aan_de_Maas_vlag.svg.png Horst aan de Maas 1265 120px-Vlag_ontbreekt.svg.png Swolgen
0%
120px-Venray_vlag.svg.png Venray 575 120px-Vlag_ontbreekt.svg.png Veulen
0%
120px-Venray_vlag.svg.png Venray 245 120px-Vlag_ontbreekt.svg.png Vredepeel
0%
120px-Valkenburg_ad_Geul_vlag.svg.png Valkenburg aan de Geul 140 120px-Vlag_ontbreekt.svg.png Walem
0%
120px-Flag_of_Sittard-Geleen.svg.png Sittard-Geleen 95 120px-Vlag_ontbreekt.svg.png Windraak
0%
1280px-Vlissingen_vlag.svg.png Eijsden-Margraten 305 1280px-Vlissingen_vlag.svg.png Scheulder
0%
1280px-Vlissingen_vlag.svg.png Eijsden-Margraten 1426 1280px-Vlissingen_vlag.svg.png Sint Geertruid
0%
120px-Beekdaelen_gemeentevlag.svg.png Beekdaelen 1615 120px-Vlag_Wijnrandsade.svg.png Wijnandsrade
0%
120px-Beekdaelen_gemeentevlag.svg.png Beekdaelen 4650 120px-Schinveld_wapen.svg.png Schinveld
0%
120px-Gulpen-Wittem_vlag_1999.svg.png Gulpen-Wittem 2465 120px-Wijlre_wapen.svg.png Wijlre
0%
120px-Horst_aan_de_Maas_vlag.svg.png Horst aan de Maas 1920 120px-Meerlo_wapen.svg.png Meerlo
0%
120px-Venray_vlag.svg.png Venray 1880 120px-Wanssum_wapen.svg.png?utm_source=nl.wikipedia.org&utm_campaign=parser&utm_content=thumbnail Wanssum
0%
No matching quizzes found
Score Distribution
Percent of People with Each Score
Percentile by Number Answered
Your Score History
You have not taken this quiz